000 01463nam1a2200301 i 4500
001 RU\NLR\bibl\1506876
005 20260407194558.0
035 _a(NLR Aleph) 001498295
090 _a1789966
_c1789966
100 _a20100430g20109999k y0rusy50 ca
101 0 _arus
102 _aRU
105 _a||||z |||||
200 1 _aМатематика и информатика
_eсборник научных статей
_fМВД России, С.-Петерб. ун-т, Каф. специал. информ. технологий, Слушател. науч. о-во
_g[редкол.: А.А. Кабанов к.ю.н. и др.]
210 _aСанкт-Петербург
_cСанкт-Петербургский университет МВД России
_d2010
215 _d21
463 0 _10011503054
606 1 _aМатематика
_jСборники
_9922118
_3RU\NLR\auth\6619329
606 _aИнформатика
_jСборники
_92081274
_3RU\NLR\auth\661257251
686 _aВ1я43
686 _aЗ973.233я43
702 1 _aКабанов
_bА. А.
_gАндрей Александрович
_4340
712 0 2 _4570
_aСанкт-Петербургский университет МВД России
_bКафедра специальных информационных технологий
_9754560
_3RU\NLR\AUTH\8810128806
801 0 _aRU
_bNLR
_c20100430
_gRCR
801 1 _aRU
_bNLR
_c20100430
852 _aNLR
_j2010-4/5777
942 _cBOOK